Normal view
MARC view
- الشريدة، مها نواف حمد
Entry Personal Name
001 - CONTROL NUMBER
- control field: 66228
003 - CONTROL NUMBER IDENTIFIER
- control field: JO-AjAnu
005 - DATE AND TIME OF LATEST TRANSACTION
- control field: 20240918114547.0
008 - FIXED-LENGTH DATA ELEMENTS
- fixed length control field: 240918|| aca||aabn | a|a d
040 ## - CATALOGING SOURCE
- Original cataloging agency: JO-AjAnu
100 ## - HEADING--PERSONAL NAME
- Personal name: الشريدة، مها نواف حمد
- Relator term: معد